000 00355pab a2200145 454500
008 180718b1990 xxu||||| |||| 00| 0 eng d
100 _aKabra, Kamal Nayan
245 _aNew drive against black money
_bPossibilities and constraints
260 _c1990
300 _a24-7
362 _a4 Aug.
650 _aMoney
773 _aMainstream
909 _a14156
999 _c14156
_d14156